000 00496nam a2200181Ia 4500
005 20250326143032.0
008 250326s9999 xx 000 0 und d
037 _aTextbook
040 _aFMSL
_beng
_cFMSL
041 _aeng
_2eng
084 _aX:8 M5
_qFMSL
100 _aWoolf E
_9598842
245 0 _aOrganisation and management
_cWoolf E; Tanna S And Others
260 _aLondon
_bLondon, Macdonald
_c1985
300 _a303p
942 _cTB
_hX:8 M5
999 _c1297810
_d1297810